ბათუმის შოთა რუსთაველის სახელმწიფო უნივერსიტეტის ბიბლიოთეკა

თვისებითი ნახევრადმიკროანალიზი / (ბიბ.ჩანაწერი № 37523)

000 -ლიდერი
ფიქსირებული სიგრძის საკონტროლო ველი 00890nam a2200217Ia 4500
001 - საკონტროლო ნომერი
საკონტროლო ველი 3487
003 - საკონტროლო ნომრის იდენტიფიკატორი
საკონტროლო ველი GE_BSU
005 - ბოლო ოპერაციის თარიღი და დრო
საკონტროლო ველი 20190528195826.0
008 - ფიქსირებული სიგრძის მონაცემთა ელემენტები - ზოგადი ინფორმაცია
ფიქსირებული სიგრძის საკონტროლო ველი 181216s1960|||| |||||||||||||| ||geo||
040 ## - კატალოგიზაციის წყარო
Transcribing agency GE_BSU
041 ## - ენის კოდი
Language code of text/sound track or separate title geo
080 ## - უნივერსალური ათობითი კლასიფიკაციის ინდექსი
Universal Decimal Classification number 543.061 ე-78
100 ## - მთავარი ჩანაწერი - პიროვნების სახელი
Personal name ერისთავი, დ.
9 (RLIN) 1780
245 ## - ცნობა სათაურის შესახებ
Title თვისებითი ნახევრადმიკროანალიზი /
Statement of responsibility, etc დ. ერისთავი ; რედ : ე. სალუქვაძე.
264 ## - წარმოების, გამოცემის, დისტრიბუციის და სხვა ცნობები
გამოცემის, წარმოების, დისტრიბუციის... ადგილი თბილისი :
გამოცემის, წარმოების, დისტრიბუციის... სახელწოდება სპი,
გამოცემის, წარმოების, დისტრიბუციის... თარიღი 1960.
300 ## - ფიზიკური აღწერა
Extent 358 გვ .:
Other physical details ილ. და ცხრილ. 1ფ. სქემ. ;
Dimensions 22 სმ.
653 ## - INDEX TERM--UNCONTROLLED
Uncontrolled term თვისებითი ნახევრადმიკროანალიზი
653 ## - INDEX TERM--UNCONTROLLED
Uncontrolled term ქიმია
700 ## - ADDED ENTRY--PERSONAL NAME
Personal name სალუქვაძე, ე
Relator term რედაქტორი
9 (RLIN) 1781
942 ## - ADDED ENTRY ELEMENTS (KOHA)
Koha item type წიგნი
Source of classification or shelving scheme
ეგზემპლარები
ჩამოწერის სტატუსი დაკარგული ეგზემპლარის სტატუსი კლასიფიკაციის წყარო ან თაროზე გაწყობის სქემა დაზიანების სტატუსი არ გაიცემა მუდმივი მდებარეობა (დაცვის ადგილი) ამჟამინდელი ადგილსამყოფელი თაროზე განთავსების ადგილი შეძენის თარიღი ღირებულება, შესყიდვის ნორმალური ფასი სრული შენახვის შიფრი შტრიხკოდი ბოლო ოპერაციის თარიღი ეგზემპლარის მიმდევრობითი ნომერი (კეტერი?) ფასის ძალაში შესვლის თარიღი ეგზემპლარის სახეობა საჯარო შენიშვნა
          ტექნოლოგიური ფაკულტეტის ბიბლიოთეკა ტექნოლოგიური ფაკულტეტის ბიბლიოთეკა წიგნსაცავი 2018-12-17 1.00 543.061 ე-78 9697 2018-12-17 9697 2018-12-17 წიგნი 1 ლ. 84 თ.
          ტექნოლოგიური ფაკულტეტის ბიბლიოთეკა ტექნოლოგიური ფაკულტეტის ბიბლიოთეკა წიგნსაცავი 2018-12-17 1.00 543.061 ე-78 9698 2018-12-17 9698 2018-12-17 წიგნი 1 ლ. 84 თ.
          ტექნოლოგიური ფაკულტეტის ბიბლიოთეკა ტექნოლოგიური ფაკულტეტის ბიბლიოთეკა წიგნსაცავი 2018-12-17 1.00 543.061 ე-78 9699 2018-12-17 9699 2018-12-17 წიგნი 1 ლ. 84 თ.